000 00560nam a2200193Ia 4500
003 GCL
008 140319s9999 xx 000 0 ara d
040 _aGCL /
_cGCL
082 0 4 _a620.1124
_bع م
100 1 _aعثمان رحمانى
245 1 0 _aمقاومة المواد : دروس وتمارين /
_cعثمان رحمانى
700 1 _aسعيد كبوانى
300 _a209 ص
490 _a
650 0 4 _aالهندسة المدنية
650 0 4 _aنظرية الانشاءات
650 0 4 _aالمواد الهندسية
942 _2ddc
_cBK
999 _c41939
_d41939